| 000 | 01177nam a2200325Ia 4500 | ||
|---|---|---|---|
| 001 | Para_9858 | ||
| 003 | CHAP | ||
| 008 | 220125s2010 xx 000 0 und d | ||
| 010 | _a208534 | ||
| 040 | _cCHAP | ||
| 090 | _aPA CD-TESIS 4 | ||
| 100 |
_aEspinosa Vásquez, Gonzalo _938012 |
||
| 245 |
_aMercado de Insecticidas Granulados en la zona Centro, Ocidente, Sur y Golfo de México / _c Gonzalo Espinosa Vásquez; Director Marcelo Acosta Ramo |
||
| 260 |
_aChapingo, Méx. : _b el autor |
||
| 300 | _a1 CD ROM (76 p.) | ||
| 502 | _aTesis (Ing. Agr. Esp. en Parasitología Agrícola). UACh.Departamento Parasitología Agrícola | ||
| 650 |
_aInsecticidas _958855 |
||
| 650 |
_aPesticidas _x Investigación _987560 |
||
| 700 |
_aAcosta Ramo, Marcelo , Director _9174963 |
||
| 700 |
_aCabrera Hidalgo, Anselmo de Jesús, Asesor _9174964 |
||
| 700 |
_aSolís Aguilar, Juan Fernando, Asesor _9174965 |
||
| 710 |
_aUACh. Departamento Parasitología Agrícola _9164025 |
||
| 901 | _aPA CD-TESIS 4 | ||
| 902 | _aM | ||
| 905 | _a5232202010 an 8000000300 06 | ||
| 910 | _a2010 | ||
| 942 | _cPARA | ||
| 942 |
_cPARA _d2 |
||
| 999 |
_c208534 _d208534 |
||